Innovaciòn y Cambio Tècnologico en la sociedad de Conocimiento (Registro nro. 35895)

Detalles MARC
000 -CABECERA
Longitud fija campo de control 00657nam a2200181 4500
003 - • IDENTIFICADOR DELl NÚMERO DE CONTROL
Identificador del número de control CO-ViMGA
020 ## - • NÚMERO INTERNACIONAL NORMALIZADO PARA LIBROS
Número Internacional Normalizado para Libros (ISBN) 9789587711615
040 ## - FUENTE DE LA CATALOGACIÓN
Centro catalogador de origen CO-ViMGA
Lengua de catalogación spa
Centro transcriptor CO-ViMGA
082 04 - • NÚMERO DE LA CLASIFICACIÓN DECIMAL DEWEY
Número de clasificación (R) 602
Número del ítem T87i
100 1# - • PUNTO DE ACCESO PRINCIPAL-NOMBRE DE PERSONA
Nombre de persona Turriago Hoyos, Alvaro
245 10 - • TITULO PROPIAMENTE DICHO
Título Innovaciòn y Cambio Tècnologico en la sociedad de Conocimiento
Mención de responsabilidad, etc. Alvaro, Turriago Hoyos
250 ## - • MENCIÓN DE EDICIÓN
Mención de edición Colecccion Estudios Escuela Internacional de Ciencias economicas y Administrativas
300 ## - • DESCRIPCIÓN FÍSICA
Extensión 375 p.
Otras características físicas Il. ; dibujos. ; 25 cm.
490 ## - • MENCIÓN DE SERIE
Mención de serie 2a. ed.
500 ## - • NOTA GENERAL
Nota general Incluye bibliografia, indice analítico y de autores.
942 ## - ENTRADA DE ELEMENTOS AGREGADOS (KOHA)
Fuente de clasificaión o esquema Dewey Decimal Classification
Koha [por defecto] tipo de item LIbro
Existencias
Perdido Fuente de clasificación o esquema Estado Físico No para préstamo Forma de adquisición Localización permanente Localización actual Fecha adquisición Préstamos totales Signatura completa Código de barras Fecha última consulta Número de copia Fecha del precio de reemplazo Tipo de item de Koha
  Dewey Decimal Classification     Sala Especializada Tercer Piso Biblioteca Pública Germán Arciniegas - Villavicencio Biblioteca Pública Germán Arciniegas - Villavicencio 09/01/2016   602 T87i 30464 09/01/2016 Ej. 1 09/01/2016 LIbro









Instituto Departamental de Cultura del Meta - Red Departamental de Bibliotecas Públicas del Meta.